000 01052nam a2200301 i 4500
001 bg
003 KOSZ 005
005 20200805114035.0
008 080616s1964 pl a f 001 0 pol
015 _aPB 1965/1098
040 _aWA N
_cKOSZ 005/RW
_dKOSZ 005/RW
041 1 _apol
_heng
080 _a518:519
100 1 _aLuce, Robert Duncan.
245 1 0 _aGry i decyzje /
_cR. Duncan Luce, Howard Raiffa ; [tł. Jerzy Kucharczyk].
246 1 _iTyt. oryg.:
_aGames and decisions.
260 _aWarszawa :
_bPaństwowe Wydawnictwo Naukowe,
_c1964.
300 _a476 s. :
_bil. ;
_c25 cm.
380 _aKsiążki.
504 _aBibliogr. s. [449]-462. Indeks.
650 4 _aDecyzje
_xmatematyka.
650 4 _aTeoria gier
700 1 _aRaiffa, Howard
_d(1924- ).
700 1 _aKucharczyk, Jerzy
_c (informatyk)
_eTłumaczenie
710 2 _aPaństwowe Wydawnictwo Naukowe
_4pbl.
856 _uhttp://koha.tu.koszalin.pl/cgi-bin/koha/opac-detail.pl?biblionumber=10908
_yKatalog online BPK
942 _2UKD
_cKS
999 _c10908
_d10908